Sports Quiz

Random Sports or Christmas Quiz
Score 0/19 Timer 07:00
1 Play Today
Question Answer % Correct
Name all 2019 constructors (based off 2018). 1st:Mercedes
96.5%
Name all 2019 constructors (based off 2018). 2nd:Ferrari
96.5%
Name all 2019 constructors (based off 2018). 3rd:Red Bull
96.5%
Name all 2019 constructors (based off 2018). 4th:Renault
95.8%
Which constructor holds the record for most wins in a season (19)?Mercedes
94.8%
Name all 2019 constructors (based off 2018). 5th:Haas
94.3%
Name all 2019 constructors (based off 2018). 10th:Williams
93.3%
Name all 2019 constructors (based off 2018). 6th:McLaren
92.8%
Name all 2019 constructors (based off 2018). 9th:Toro Rosso
92%
Name all 2019 constructors (based off 2018). 8th:Sauber
91.8%
Question Answer % Correct
Name all 2019 constructors (based off 2018). 7th:Racing Point
91.3%
Which Australian driver has 19 fastest laps?Mark Webber
91%
Which Brazilian champion has 19 fastest laps?Ayrton Senna
89.8%
Which circuit held the Malaysian Grand Prix 19 times?Sepang International Circuit
89.3%
Which British champion has 19 fastest laps?Damon Hill
79%
Which 1950s British driver has 19 fastest laps?Stirling Moss
76%
Which Irish constructor took 19 podiums?Jordan
74.3%
Which current Grand Prix has been held 19 times since 1963?Mexican Grand Prix
61.5%
Who last used the race number 19?Felipe Massa
49.3%
Remove Ads.
Support Sporcle.
Get the best of Sporcle when you Go Orange. This ad-free experience offers more features, more stats, and more fun while also helping to support Sporcle. Thank you for becoming a member.

You're not logged in!

Compare scores with friends on all Sporcle quizzes.
OR
Log In

Show Comments

Extras

Top Quizzes Today


Score Distribution

Your Account Isn't Verified!

In order to create a playlist on Sporcle, you need to verify the email address you used during registration. Go to your Sporcle Settings to finish the process.

Report this User

Report this user for behavior that violates our Community Guidelines.

Details: